01368nam a2200361 i 4500001000700000003000800007005001700015006001900032007001500051008004100066020001800107020002800125035002200153040003100175050002500206080001000231082001700241245009400258264003500352300007300387336003100460337003300491338004300524588008300567590016200650650002400812650002500836650001800861655002700879797001800906856006300924999001900987135869FINmELB20241217180959.0m o d | cr cnu||||||||180910s2018 sp a o 000 0 spa d z9788416540969 a9788416540976q(e-book) a(OCoLC)1145077224 aFINmELBbspaerdacFINmELB 4aBF173.J85bC278 2018 a159.90 a150.195422300aCarl G. Jung y la psicología analítica :bel manga /cadaptación, Variety Artworks. 1aBarcelona :bLa Otra H,c2018. a1 recurso en línea (140 páginas) :bprincipalmente ilustraciones atextobtxt2rdacontent/spa acomputadorabc2rdamedia/spa arecurso en líneabcr2rdacarrier/spa aDescripción basada en metadatos suministrados por el editor y otras fuentes. aRecurso electrónico. Santa Fe, Arg.: elibro, 2020. Disponible vía World Wide Web. El acceso puede estar limitado para las bibliotecas afiliadas a elibro. 0aJungian psychology. 0aCartoons and comics. 4aPsicología. 4aLibros electrónicos.2 aelibro, Corp.40uhttps://elibro.net/ereader/politecnicointernacional/116579 c135869d135869